ا بن ا لو قت (Record no. 149089)
[ view plain ]
| 000 -LEADER | |
|---|---|
| fixed length control field | 00748nam a22002297a 4500 |
| 005 - DATE AND TIME OF LATEST TRANSACTION | |
| control field | 20180111113117.0 |
| 008 - FIXED-LENGTH DATA ELEMENTS--GENERAL INFORMATION | |
| fixed length control field | 090109t xxu||||| |||| 00| 0urd d |
| 010 ## - LCCN (DPL NO) | |
| LC control number | A-318561 |
| 020 ## - INTERNATIONAL STANDARD BOOK NUMBER | |
| Terms of availability | 25.00 |
| International Standard Book Number | - |
| 035 ## - SYSTEM CONTROL NUMBER | |
| System control number | A-318561 |
| 037 ## - SOURCE OF ACQUISITION | |
| Source of stock number/acquisition | BPPD |
| 040 ## - CATALOGING SOURCE | |
| Original cataloging agency | DPL |
| Language of cataloging | Urdu |
| 082 ## - DEWEY DECIMAL CLASSIFICATION NUMBER | |
| Classification number | ن |
| 100 ## - MAIN ENTRY--PERSONAL NAME | |
| Personal name | ڈ پٹی نز یر ا حمد |
| 245 ## - TITLE STATEMENT | |
| Title | ا بن ا لو قت |
| Statement of responsibility, etc | ڈ پٹی نز یر ا حمد |
| 246 ## - VARYING FORM OF TITLE | |
| Title proper/short title | Ibn-Ul-Waqt |
| Remainder of title | By Deputy Nazir Ahmad |
| 260 ## - PUBLICATION, DISTRIBUTION, ETC. (IMPRINT) | |
| Place of publication, distribution, etc | N.Delhi |
| Name of publisher, distributor, etc | Maktaba Jamia Ltd. |
| Date of publication, distribution, etc | 1988 |
| 270 ## - ADDRESS | |
| Address | Patodi House,Darya Ganj, |
| City | N.Delhi |
| Postal code | 110002 |
| Telephone number | - |
| 300 ## - PHYSICAL DESCRIPTION | |
| Extent | 372ص |
| Dimensions | 22 cm(hb) |
| 942 ## - ADDED ENTRY ELEMENTS (KOHA) | |
| Source of classification or shelving scheme | Dewey Decimal Classification |
| Item type | Urdu Bks |
| Classification part | ن |
| Call number suffix | ن ظ ی |
| Withdrawn status | Lost status | Source of classification or shelving scheme | Damaged status | Not for loan | Collection code | Home library | Current library | Date acquired | Source of acquisition | Cost, normal purchase price | Total Checkouts | Full call number | Barcode | Date last seen | Copy number | Cost, replacement price | Koha item type |
|---|---|---|---|---|---|---|---|---|---|---|---|---|---|---|---|---|---|
| Dewey Decimal Classification | Ordered | Fiction | Central Library | Central Library | 11/01/2018 | BPPD/URD | 25.00 | ن ن ظ ی | A-318561 | 11/01/2018 | 1 | 25.00 | Urdu Bks |
